| 000 | 00445 a2200133 4500 | ||
|---|---|---|---|
| 082 | _a954.042 | ||
| 090 |
_c7181 _d7181 |
||
| 100 | _aPirzada, Zaffar Ul Hassan Prof. | ||
| 245 |
_aTanazai Kashmir ke Aalkei banelaqwami jahtai _cPirzada, Zaffar Ul Hassan Prof. |
||
| 260 |
_aLahore _bUrdu Development Committee New Cumps Punjab University Lahore. _c2011 |
||
| 300 |
_a112 p. _c22 cm. |
||
| 650 | _a1. India-Pakistan conflict | ||
| 942 |
_cBK _k954.042 PIR |
||
| 999 |
_c10984 _d10984 |
||